S ledoborcem za obchodem

V Českej republike sa chystajú investovať ďalšie talianske firmy. Najvýznamnejší talianski investori v Českej republike. Podmienky pre investorov v Českej republike.

Na minha lista:
Detalhes bibliográficos
Autor principal: Bautzová, Libuše
Formato: Capítulo de Livro
Idioma:tcheco
Assuntos:
Tags: Adicionar Tag
Sem tags, seja o primeiro a adicionar uma tag!

MARC

LEADER 00000naa a2200000 4500
001 r039868
005 20230920101214.8
041 0 |a cze 
044 |a CZ 
245 1 0 |a S ledoborcem za obchodem  |c Libuše Bautzová 
520 |a V Českej republike sa chystajú investovať ďalšie talianske firmy. Najvýznamnejší talianski investori v Českej republike. Podmienky pre investorov v Českej republike. 
610 2 0 |a investori 
610 2 0 |a investovanie 
610 2 0 |a Taliansko 
610 2 0 |a Česko 
610 2 0 |a banky 
100 1 |a Bautzová, Libuše